000 00404nam a2200133Ia 4500
005 20260328101449.0
008 260328s9999||||xx |||||||||||||| ||und||
100 _aBahamón, Alejandro
245 0 _aArquitectura vegetal :
_b Analogías entre el Mundo vegetal y la Arquitectura Contemporánea /
_cAlejandro Bahamón
260 _bParramón
300 _a191 p.
650 _aARQUITECTURA CIVIL
942 _cBK
999 _c8595
_d8595